| 000 | 00000nam##2200000za#4500 |
| 001 | 9.668399 |
| 003 | CaOODSP |
| 005 | 20210615124134 |
| 007 | ta |
| 008 | 150407|2007||||xxc||||| f|0| 0 eng|d |
| 020 | |a978-0-662-49856-8 |
| 040 | |aCaOODSP|beng |
| 041 | |aeng |
| 041 | |afre |
| 043 | |an-cn--- |
| 086 | 1 |aH21-287/2007 |
| 110 | 1 |aCanada.|bHealth Canada. |bHealth Policy Branch. |
| 245 | 10|aTowards a new leadership for the improvement of health services in French : |breport to the Federal Minister of Health / |cSubmitted by The Consultative Committee for French-Speaking Minority Communities. |
| 260 | |aOttawa - Ontario : |bHealth Canada. |c2007. |
| 300 | |aEnglish text, [1], 55p. : |bcoloured maps, graphs, organization charts, references, tables ; |c28 cm. |
| 500 | |a2nd report of the Committee. "In June 2001, the Consultative Committee ... submitted its first report to the federal Minister of Health, Pour un meilleur accès à des services de santé en français."--Page 2, Summary. |
| 520 | 3 |aThis report summarizes the progress made over the past five years toward providing French-language access to health services in French-speaking minority communities in Canada. It presents background information on the importance of health services in French; the intervention strategy the federal government adopted in 2001; and statistics on funded activities. The report presents seven recommendations on priorities, availability of services in French, partners and community involvement, and funding. |
| 563 | |aSoftcover |
| 590 | |a07-20|b2007-05-18 |
| 690 | 07|aBilingual services|2gcpds |
| 690 | 07|aHealth care system|2gcpds |
| 776 | 0#|tPour un nouveau leadership en matière d'amélioration des services de santé en français : |w(CaOODSP)9.633762 |
| 776 | 0#|tTowards a new leadership for the improvement of health services in French : |w(CaOODSP)9.689351 |
| 792 | |tPour un nouveau leadership en matière d'amélioration des services de santé en français : |efre|w(CaOODSP)9.668400 |